| 000 | 02592nam a2200373 i 4500 | ||
|---|---|---|---|
| 003 | DO-SdBNP | ||
| 005 | 20240228135811.0 | ||
| 007 | ta | ||
| 008 | 210721b2020 dr ac||| |||| 00| 0 spa d | ||
| 020 | _a9789945613681 | ||
| 040 |
_aDO-SdBNP _bspa _cBNPHU _erda |
||
| 082 | 4 |
_a972.9356 _bB142n _222 |
|
| 100 | 1 |
_aBáez Pérez, Rafael Cucullo _934714 |
|
| 245 | 1 | 0 |
_aNibaje, Marilópez y la Cruz de Marilópez / _cRafael Cucullo Báez Pérez ; prólogo Ramón Morel Cerda ; edición Aimara Vera Riverón. |
| 264 |
_aSanto Domingo : _bArchivo General de la Nación, _c2020. |
||
| 300 |
_a180 páginas : _bilustraciones y retratos ; _c22 cm. |
||
| 336 |
_2rdacontent _atexto _btxt |
||
| 337 |
_2rdamedia _asin mediación _bn |
||
| 338 |
_2rdacarrier _avolumen _bnc |
||
| 490 | _aArchivo General de la Nación | ||
| 490 |
_aCuadernos populares ; _v8 |
||
| 505 | 0 | _aDedicatoria, 9.-- Agradecimientos, 11.-- Prólogo / Ramón Morel Cerda, 13.-- Datos del autor, 19.-- Nibaje, Marilópez y la Cruz de Marilópez. Forjadores de cultura e identidad nacional, 21.-- Nibaje, 21.-- ¿De dónde desciende el nombre de Nibaje?, 22.-- Comienza mi recorrido por ese añejo y querido barrio de Santiago de los Caballeros, 27.-- Marilópez, 82.-- El terremoto de 1946, 106.-- La Cruz de Marilópez, 134.-- Los Jazmines, 141.-- El deporte, 156.-- Los paseos y las giras, 159.-- Bailes hogareños, 167.-- El Carnaval y Día de San Andrés en el barrio, 168.-- Intercambio alimentario de Viernes Santo, 170.-- Los apodos en la avenida, 170.-- El humor y los humoristas, 171.-- Personajes pintorescos, 171.-- Travesuras infantiles, 172.-- Modernidad del transporte, 172.-- La migración, 173.-- Los cuentos del barrio, 174.-- La nueva generación, 175.-- Modernización vial, 176.-- Una acotación necesaria, 177. | |
| 590 | _aInventariado, 2021 /LP | ||
| 651 | 4 |
_aSantiago de los Caballeros (República Dominicana) _xVida social y costumbres _981039 |
|
| 651 | 4 |
_aSantiago de los Caballeros (República Dominicana) _xHistoria local _981040 |
|
| 651 | 4 |
_aNibaje (Santiago de los Caballeros, República Dominicana) _xHistoria local _981041 |
|
| 651 | 4 |
_aMarilopez (Santiago de los caballeros, República Dominicana) _xHistoria local _981042 |
|
| 651 | 4 |
_aCruz de Marilópez (Santiago de los Caballeros, República Dominicana) _xHistoria local _981043 |
|
| 700 | 1 |
_aMorel Cerda, Ramón, _eprólogo _979330 |
|
| 700 | 1 |
_aVera Riverón, Aimara, _eedición _977931 |
|
| 830 | 0 |
_aArchivo General de la Nación ; _pCuadernos populares _n8 _979328 |
|
| 910 | _aValidado. Control de calidad MFF | ||
| 942 |
_2ddc _cLBS1 |
||
| 999 |
_c50155 _d50155 |
||